000 00311nam a2200133 i 4500
001 bg
100 1 _aZIELIŃSKI, J.
245 0 _aĆwiczenia laboratoryjne z fizyki /
_cJ. Zieliński.
260 _aPoznań,
_c1990.
040 _cBPK
041 _apol
942 _cKS
008 s pl f |000 0 pol
999 _c4287
_d4287
856 _uhttp://koha.tu.koszalin.pl/cgi-bin/koha/opac-detail.pl?biblionumber=4287
_yKatalog online BPK